Представление документа в формате RUSMARC

ПолеНазваниеЗначение
  Тип записи c
  Библиографический уровень m
001 Контрольный номер UONB/MAIN/42b4ee38927e4517b960e44f098257c1
005 Дата корректировки 20241224120615.3
010 Индекс ISBN __
9 Тираж 780 экз.
013 Номер (ISMN) __
d Цена 35 к.
071 Издательские номер (звукозапись и ноты) 21
a Номер, присвоенный агентством 38
100 Данные общей обработки __
a Данные общей обработки 20241224d1970 u y0rusy0189 ca
101 Язык документа 0_
a Язык текста rus
a Язык текста eng
f Язык титульного листа rus
f Язык титульного листа eng
102 Страна публикации __
a Страна публикации RU
125 Кодированные данные звукозаписи и нотных изданий __
a Форма изложения нотного текста с
128 Кодированные данные (звукозаписи-физические характеристики) __
a Кодированные данные: Музыкальная форма и тональность или лад sg
c Инструменты или голоса, рекомендуемые для солистов (устаревшее) vu
200 Заглавие и сведения об ответственности 1_
a Заглавие Лирические строфы
d Параллельное заглавие Lyrical Verses
e Сведения, относящиеся к заглавию [вокальный цикл] для голоса и фортепиано
f Первые сведения об ответственности Сергей Слонимский
z Язык параллельного заглавия eng
g Последующие сведения об ответственности слова Е. Рейна
203 Вид содержания и тип средства __
a Вид содержания Музыка
b Характеристика содержания знаковая
c Тип средства непосредственная
210 Выходные данные 1_
a Место издания Ленинград
c Издательство Советский композитор
d Дата издания 1970
215 Физическое описание __
a Объем 27 с. включ. обл.
d Формат 29 см
300 Общие примечания __
a Общие примечания Издание на русском и английском языках. Текст на русском языке
327 Примечание о содержании 11
a Примечание о содержании Содерж.: Поздно вечером ; Песня любви ; Хоровод теней ; Полет ; Рассвет.
464 Аналитический уровень _0
1 036
t Поздно вечером цветет сердце...
1 2001
a Поздно вечером
464 Аналитический уровень _0
1 036
t Ты бабочка жизни, душа и звук...
1 2001
a Песня любви
464 Аналитический уровень _0
1 2001
a Хоровод теней
464 Аналитический уровень _0
1 036
t Кружи свободнее, качайся!..
1 2001
a Полет
464 Аналитический уровень _0
1 036
t По кромке воздуха, чуть задевая...
1 2001
a Рассвет
606 Тематические рубрики 0_
a Основная рубрика Сольное пение
x Основная подрубрика Вокальные циклы
x Основная подрубрика Песни советских композиторов
610 Ключевые слова 0_
a Ключевые слова сольное пение; вокальные циклы; песни советских композиторов; Слонимский С. М.
686 Индексы других классификаций __
a Классификационный индекс 85.943.4-42-043(2)
2 Код системы rubbk
700 Автор _1
a Фамилия Слонимский
b Имя (инициалы) С. М.
g Полное личное имя Сергей Михайлович
f Даты 1932-2020
702 Вторичная интеллектуальная ответственность _1
a Фамилия Рейн
b Имя (инициалы) Е. Б.
g Полное личное имя Евгений Борисович
4 Код отношения 520
790 Имя лица - альтернативная форма _1
g Полное личное имя Serghey
a Имя лица - альтернативная форма Slonimsky
b Имя (инициалы) S.
801 Источник записи _0
a Страна RU
b Организация Ульяновская ОНБ
c Дата составления 20241224
g Правила каталогизации RCR
801 Источник записи _1
a Страна RU
b Организация Ульяновская ОНБ
c Дата составления 20241224
g Правила каталогизации RCR
901 Тип документа __
t Тип документа m
909 Создатель записи __
a Создатель записи Грязнова И. Е.
b Дата создания записи 20241224